Jeux-vidéo des années 1980 en image - Statistiques

Statistiques générales
  • Ce quiz a été pris 122 fois
  • Le résultat moyen est 10 sur 18
Statistiques - réponses
Par images Réponse % Correct
Pac-Man
100%
Super Mario Bros.
99%
Tetris
96%
The Legend of Zelda
92%
Donkey Kong
91%
Mega Man
69%
Metroid
68%
Castlevania
52%
Duck Hunt
50%
Prince of Persia
40%
Mike Tyson's Punch-Out!!
39%
Ice Climber
37%
SimCity
37%
Kid Icarus
36%
Alex Kidd in Miracle World
34%
Dragon's Lair
31%
Excitebike
17%
Balloon Fight
11%
Aucun quiz correspondant
Distribution des résultats
% des personnes avec chaque résultat
Percentile par nombre de réponses
Votre historique - résultats
Vous n’avez pas pris ce quiz